Espèces : Pinnipèdes - Statistiques

Statistiques générales
  • Ce quiz a été pris 52 fois
    44 depuis la dernière actualisation
  • Le résultat moyen est 12 sur 34
Statistiques - réponses
Par images Réponse % Correct
Morse
100%
Léopard de mer
71%
Otarie de Californie
71%
Phoque commun
64%
Phoque gris
64%
Éléphant de mer du Nord
50%
Éléphant de mer du Sud
50%
Phoque marbré
50%
Lion de Mer de Steller
43%
Otarie à Crinière
43%
Phoque barbu
43%
Phoque du Groenland
43%
Phoque rubané
43%
Phoque tacheté
43%
Otarie à Fourrure Subantarctique
36%
Otarie des Galapagos
36%
Phoque à capuchon
36%
Otarie à Fourrure Australe
29%
Otarie à Fourrure de Nouvelle-Zélande
29%
Lion de Mer Australien
21%
Lion de Mer de Nouvelle-Zélande
21%
Otarie à Fourrure Antarctique
21%
Otarie à Fourrure d'Afrique du Sud
21%
Otarie à Fourrure du Nord
21%
Phoque crabier
21%
Phoque de Sibérie
21%
Phoque de Weddell
21%
Phoque moine d'Hawaï
21%
Otarie à Fourrure des Galapagos
14%
Otarie de l'Île Guadalupe
14%
Otarie des Îles Juan Fernandez
14%
Phoque de la Caspienne
14%
Phoque de Ross
14%
Phoque moine de Méditerranée
14%
Aucun quiz correspondant
Distribution des résultats
% des personnes avec chaque résultat
Percentile par nombre de réponses
Votre historique - résultats
Vous n’avez pas pris ce quiz depuis la dernière actualisation